| 000 | 00710nam a2200217 a 4500 | ||
|---|---|---|---|
| 999 |
_c8497 _d8497 |
||
| 001 | 8497 | ||
| 003 | BD-JhCC | ||
| 005 | 20210922134020.0 | ||
| 008 | 180226s2014 bg a|||| ||a| 000 0 ben d | ||
| 035 | _a(BD-JhCC)8497 | ||
| 040 |
_aBD-JhCC _dBD-JhCC |
||
| 041 | _aben | ||
| 082 |
_a330 _bDUT 2014 |
||
| 100 | _aদত্ত, সত্যজিৎ | ||
| 245 |
_aঅর্থনীতি দ্বিতীয় পত্র একাদশ ও দ্বাদশ শ্রেণি / _cসত্যজিৎ দত্ত, |
||
| 260 |
_aঢাকা : _bমল্লিক ব্রাদার্স, _c2014 |
||
| 300 |
_a347 p. : _c24 cm. |
||
| 650 | _aEconomics | ||
| 942 |
_2ddc _cBK _02 |
||